00894nab a2200241uuc4500001000800000005001700008008004100025035001200066035002100078040001300099041000800112100004700120245010000167650003300267650001300300650002800313650002500341700004200366700003800408700003900446700004500485773012200530100228520240202081138.0061103e20060501 spa  a1002285 a(OCoLC)820132566 ccomduadb aspa10aLondoño Arredondo, Nora Helena4auteaut10aPropiedades psicometricas y validacion de la escala de estrategias de coping modificada (EEC-M) aAfrontamiento (Psicología) aEstrés aValidación de escalas aAnálisis factorial10aHenao Lopez, Gloria Cecilia4auteaut10aPuerta, Isabel Cristina4auteaut10aPosada Gómez, Sara Lia4auteaut10aAguirre Acevedo, Daniel Camilo4auteaut0 tUniversitas Psychologica (Bogotá)gVolumen 05, Número 02, Mayo-Agosto 2006, p. 327-349w850594x1657-92670306866